Представление документа в формате RUSMARC

Поле Инд. ПП Название Значение
Тип записи a
Библиографический уровень a
001 Контрольный номер c290afd676a14fc89366737177cc7a77
005 Дата корректировки 20181124200622.7
100 a Данные общей обработки 20181107 ||| 0rusy0189 ca
101 0_ a Язык текста rus
102 a Страна публикации RU
200 1_ f Первые сведения об ответственности Л.Л. Санташова, И.Н. Серякова
a Заглавие Особенности передачи осужденных для отбывания наказания по законодательству ФРГ
b Общее обозначение материала Текст
210 d Дата издания 2017
461 _0 1 2000
a Закон и право
463 _0 1 2000
a №12
v С. 102-104
1 2101
d 2017
1 0010a3b4babab62408c931f971106ee29f1
606 a Основная рубрика Международное право. Право отдельных стран
610 0_ a Ключевые слова ПРАВО ЗАРУБЕЖНЫХ СТРАН
a Ключевые слова ФРГ
a Ключевые слова УГОЛОВНОЕ ПРАВО
a Ключевые слова ЭКСТРАДИЦИЯ
a Ключевые слова МЕЖДУНАРОДНАЯ ПРАВОВАЯ ПОМОЩЬ
700 _1 a Фамилия Санташова
b Имя Л.Л.
701 _1 a Фамилия Серякова
b Имя И.Н.
801 _0 a Страна RU
b Организация РГУП
c Дата составления 20181107
g Правила каталогизации PSBO
801 _1 a Страна RU
b Организация РГУП
c Дата составления 20181107
g Правила каталогизации PSBO
901 t Тип документа b
w Контрольный № источника 0a3b4babab62408c931f971106ee29f1
905 a Дата ввода 20181107